000 00712nam a2200229 a 4500
005 20140310183516.0
008 110110s19uu xx 00 eng d
020 _a9780738213491
050 _aRJ 61
_b.P215 2009
100 _aPantell, Robert H.
245 _aTaking care of your child :
_ba parent's illustrated guide to complete medical care /
_cRobert H. Pantell.
260 _aUSA :
_bDa Capo Press,
_c2009.
300 _a520 p. :
_c24 cm.
521 _aNUR
650 _aChildren-Health hygiene-Popular works.
650 _aSick -children-Home care.
650 _aChildren-diseases-Popular works.
700 _aJame Fries
700 _aDonald Vickery
942 _cBK
_2lcc
_kFOR
999 _c24315
_d24315